00541nam a22001697a 4500003000900000008004100009040007100050082001800121100002000139245002800159260004300187300002500230505004100255650002300296650002300319650002900342AR-CdUCM190311b ||||| |||| 00| 0 spa d aMUNICIPALIDAD PROVINCIAL DEL CUSCOcBIBLIOTECA MUNICIPAL DEL CUSCO a869.56 /bG22 aGambetta, Fredy aEpigramas y epitafios / aTacna : bEdiciones In Terris, c1975. a26 paginas ;c22 cm. aContenido :Epigramas y epitafios ... aEpigramas peruanos aEpitafios peruanos aLiteratura del siglo XIX